| 000 | 00658nam a22001937a 4500 | ||
|---|---|---|---|
| 999 |
_c166067 _d166067 |
||
| 005 | 20190711174433.0 | ||
| 010 | _aENG-125883 | ||
| 020 |
_a9789353433031 _c659.00 |
||
| 035 | _aEN-109415 | ||
| 037 | _bDBAD/PUB | ||
| 082 | _a512.5 | ||
| 100 | _aKolman, Bernard | ||
| 245 |
_aElementary linear algebra with applications / _cby Bernard Kolman [and] David R.Hill |
||
| 260 |
_aNoida _bPearson India Education _c2019 |
||
| 270 |
_a15th Floor, Tower-B World Trade Tower, Plot No. 1 Block- C, Sector-16 _bNoida, Uttar Pradesh _e201301 |
||
| 300 |
_avarious paging. _c23cm(pbk) |
||
| 500 | _aIncludes index | ||
| 942 |
_2ddc _cEN _h512.5 _mKOL |
||